00703nam a2200205Ia 4500008004100000016001400041020001300055040002400068050002100092082001000113245007200123260008800195300002900283500004000312563001000352650005100362650003500413700002100448700002800469210303s9999 xx 000 0 und d 2retro2021 a22769269 aNLNbEnglisheAACR2 aHM403.N685bS797 a300.5 0aSTATE and Society vol. 1 No. 1. March, 2009 /cedited by O. Alanana aBenin City, Edo State (56 & 58 1st East Circular Road) :bJustice Jeco Press,c2009 av, [?]p. :bill. ; 23cm. aIncludes bibliographical references a(pbk) aSocial sciences and statevNigeriaxPeriodical aSociologyvNigeriaxPeriodical aAlanana, O.eedt aJustice Jeco Presseedt